| 000 | 00522nam a2200181Ia 4500 | ||
|---|---|---|---|
| 005 | 20250423100829.0 | ||
| 008 | 250422s9999 xx 000 0 und d | ||
| 020 | _a0-515-12317 | ||
| 050 | _aPS 3568 .O243 R57/ | ||
| 100 | _aRoberts, Nora | ||
| 245 | 0 | _aRising tides | |
| 260 | _aNew York | ||
| 260 | _b Penguin Group | ||
| 260 | _c1989 | ||
| 300 | _a339 p | ||
| 650 | _aBoatbuilding --Fiction. Brothers --Fiction. Chesapeake Bay Region (Md. and Va.) --Fiction. Eastern Shore (Md. and Va.) --Fiction | ||
| 942 | _cBK | ||
| 999 |
_c34469 _d34469 |
||